000 00544nai a2200145Ia 4500
003 IN-BaIIA
008 211028c9999 xx s 000 0 eng d
040 _cIIA Library
245 0 _aIEEE RFID (Virtual Journal)
_h[eJournal]
260 _aNew York, USA
_bThe Institute of Electrical and Electronics Engineers, Inc. (IEEE)
362 _a1; 2013 - 16; 2018
521 _bSubscribed through National Knowledge Resource Consortium (NKRC)
856 _uhttps://ieeexplore.ieee.org/virtual-journals/rfid
_yClick Here to Access eJournal
942 _cEJ
999 _c34587
_d34587